| Tag |
First Indicator |
Second Indicator |
Subfields |
| LEADER |
00000cam a2200000 a 4500 |
| 001 |
in00001407526 |
| 005 |
20151020062218.0 |
| 008 |
970516s1998 nyua b 001 0 eng |
| 010 |
|
|
|a 97021468
|
| 020 |
|
|
|a 0321016815
|
| 020 |
|
|
|a 0321018303 (paper)
|
| 035 |
|
|
|a (OCoLC)36977229
|
| 035 |
|
|
|9 AHP0976AM
|
| 040 |
|
|
|a DLC
|c DLC
|d YDX
|d TXA
|d UtOrBLW
|
| 049 |
|
|
|a TXAM
|
| 050 |
0 |
0 |
|a RC454
|b .C275 1998
|
| 082 |
0 |
0 |
|a 616.89
|2 21
|
| 090 |
|
|
|a RC454
|b .C273 1998
|
| 100 |
1 |
|
|a Carson, Robert C.,
|d 1930-2006.
|
| 245 |
1 |
0 |
|a Abnormal psychology and modern life /
|c Robert C. Carson, James N. Butcher, Susan Mineka.
|
| 250 |
|
|
|a 10th ed., 1998 update.
|
| 264 |
|
1 |
|a New York :
|b Longman,
|c [1998]
|
| 264 |
|
4 |
|c ©1998
|
| 300 |
|
|
|a 1 volume :
|b illustrations (chiefly color) ;
|c 29 cm.
|
| 336 |
|
|
|a text
|b txt
|2 rdacontent
|
| 337 |
|
|
|a unmediated
|b n
|2 rdamedia
|
| 338 |
|
|
|a volume
|b nc
|2 rdacarrier
|
| 504 |
|
|
|a Includes bibliographical references and indexes.
|
| 650 |
|
0 |
|a Psychiatry.
|
| 650 |
|
0 |
|a Psychology, Pathological.
|
| 700 |
1 |
|
|a Butcher, James Neal,
|d 1933-
|
| 700 |
1 |
|
|a Mineka, Susan.
|
| 948 |
|
|
|a c:cer
|
| 999 |
|
|
|a MARS
|
| 999 |
f |
f |
|s c16a74a7-41f3-396a-9f18-28f731a0e6ac
|i f22a7044-a1e7-3d3c-93a2-a9c67535a2a2
|t 0
|
| 952 |
f |
f |
|p ric
|a Texas A&M University
|b Rellis Campus
|c Joint Library Facility
|d Remote Storage
|t 0
|e RC454 .C273 1998
|h Library of Congress classification
|i unmediated -- volume
|m A14822472610
|
| 998 |
f |
f |
|a RC454 .C273 1998
|t 0
|l Remote Storage
|